Niektoré činitele, ovplyvňujúce ekonomickú aktivitu obyvateľstva v produktívnom veku kandidátska dizertačná práca

Guardado en:
Detalles Bibliográficos
Autor principal: Suchal, Peter
Autor Corporativo: Vysoká škola ekonomická v Bratislave. Fakulta riadenia
Otros Autores: Kontšeková, Oľga
Formato: Libro
Lenguaje:eslovaco
Publicado: Bratislava 1985
Etiquetas: Agregar Etiqueta
Sin Etiquetas, Sea el primero en etiquetar este registro!

MARC

LEADER 00000nam a2200000 4500
001 c037171
005 20230116104751.8
041 0 |a slo 
044 |a SK 
245 1 0 |a Niektoré činitele, ovplyvňujúce ekonomickú aktivitu obyvateľstva v produktívnom veku  |b kandidátska dizertačná práca  |c Peter Suchal ; Ved. práce Oľga Kontšeková 
264 1 |a Bratislava  |c 1985 
300 |a 173 s. 
100 1 |a Suchal, Peter 
700 1 |a Kontšeková, Oľga 
710 2 |a Vysoká škola ekonomická v Bratislave. Fakulta riadenia